000 00561nam a2200217Ia 4500
003 OSt
005 20220918225039.0
006 a|||||r|||| 00| 0
007 ta
008 220917b |||||||| |||| 00| 0 eng d
024 _a236,334
037 _cTextual
040 _aARTS
_cARTS
_beng
041 _2eng
_aeng
082 _aD65,8[B44],1, L2
245 0 _aRoyal Institute of Technology and the University of Stockolm, Sweden
260 _c1972
300 _a68p.
_ccm.
942 _hD65,8[B44],1, L2
_cTEXL
_2CC
999 _c283236
_d283236